<?xml version="1.0" encoding="UTF-8"?><?xml-stylesheet type="text/xsl" href="static/style.xsl"?><OAI-PMH xmlns="http://www.openarchives.org/OAI/2.0/" xmlns:xsi="http://www.w3.org/2001/XMLSchema-instance" xsi:schemaLocation="http://www.openarchives.org/OAI/2.0/ http://www.openarchives.org/OAI/2.0/OAI-PMH.xsd"><responseDate>2026-06-06T02:46:14Z</responseDate><request verb="GetRecord" identifier="oai:riuma.uma.es:10630/16342" metadataPrefix="marc">https://riuma.uma.es/rest/oai/request</request><GetRecord><record><header><identifier>oai:riuma.uma.es:10630/16342</identifier><datestamp>2026-02-03T12:43:17Z</datestamp><setSpec>com_10630_2254</setSpec><setSpec>col_10630_37957</setSpec></header><metadata><record xmlns="http://www.loc.gov/MARC21/slim" xmlns:dcterms="http://purl.org/dc/terms/" xmlns:doc="http://www.lyncode.com/xoai" xmlns:xsi="http://www.w3.org/2001/XMLSchema-instance" xsi:schemaLocation="http://www.loc.gov/MARC21/slim http://www.loc.gov/standards/marcxml/schema/MARC21slim.xsd">
   <leader>00925njm 22002777a 4500</leader>
   <datafield ind2=" " ind1=" " tag="042">
      <subfield code="a">dc</subfield>
   </datafield>
   <datafield ind2=" " ind1=" " tag="720">
      <subfield code="a">García Basterra, Ignacio</subfield>
      <subfield code="e">author</subfield>
   </datafield>
   <datafield ind2=" " ind1=" " tag="260">
      <subfield code="c">2017-07-01</subfield>
   </datafield>
   <datafield ind2=" " ind1=" " tag="520">
      <subfield code="a">OBJETIVOS:&#xd;
Estudiar los hallazgos evolutivos de la tomografía de coherencia óptica (OCT) en pacientes con neuropatía óptica isquémica anterior no arterítica (NOIA-NA). &#xd;
&#xd;
TIPO DE ESTUDIO: &#xd;
Estudio observacional prospectivo de 21 pacientes afectos de NOIA-NA.&#xd;
&#xd;
MÉTODOS&#xd;
22 ojos de 21 pacientes afectos de NOIA-NA fueron incluidos en el estudio y seguidos a lo largo de 1 año desde el inicio de los síntomas. En cada visita se realizó un análisis del nervio óptico y macular mediante OCT para estudiar el espesor de la capa de fibras nerviosas retinianas (CFNR), la excavación papilar media (EP) y vertical (EPV), el tamaño del disco (TD), el área del anillo neurorretiniano (ANR), el grosor macular (GM), la capa de células ganglionares y capa plexiforme interna (CCG + CPI) y el grosor coroideo (GC) macular y peripapilar. El pronóstico visual final se determinó con la mejor agudeza visual corregida (MAVC) y desviación media (DM) a los 12 meses del inicio. Se analizaron los cambios en las variables a lo largo del tiempo mediante un modelo lineal general para medidas repetidas (ANOVA de un factor con medidas repetidas) y se compararon los resultados con 43 sujetos sanos. Se utilizaron técnicas de regresión para el estudio de correlación entre los parámetros de OCT y las variables de pronóstico visual final.</subfield>
   </datafield>
   <datafield ind1="8" ind2=" " tag="024">
      <subfield code="a">https://hdl.handle.net/10630/16342</subfield>
   </datafield>
   <datafield tag="653" ind2=" " ind1=" ">
      <subfield code="a">Ojos - Tomografía - Tesis doctorales</subfield>
   </datafield>
   <datafield ind2="0" ind1="0" tag="245">
      <subfield code="a">Estudio con tomografía de coherencia óptica en la neuropatía óptica isquémica anterior no arterítica</subfield>
   </datafield>
</record>
</metadata></record></GetRecord></OAI-PMH>